Administración de personal: un enfoque hacia la calidad humana (Registro nro. 1841)
[ vista simple ]
| 000 -CABECERA | |
|---|---|
| campo de control de longitud fija | 01489aam a2200469 4500 |
| 005 - FECHA Y HORA DE ACTUALIZACIÓN | |
| campo de control | 20241011143539.0 |
| 008 - LONGITUD FIJA | |
| campo de control de longitud fija | 150716b xxu||||| |||| 00| 0 spa d |
| 041 ## - IDIOMA | |
| Código de idioma del texto/pista de sonido o título separado | |
| 082 ## - CLASIFICACIÓN DECIMAL DEWEY | |
| Número de clasificación | 658.3 C352a |
| 100 ## - AUTOR PERSONAL | |
| Nombre de persona | Castillo Aponte, José |
| 245 ## - TÍTULO PROPIAMENTE DICHO | |
| Título | Administración de personal: un enfoque hacia la calidad humana |
| 260 ## - PIE DE IMPRENTA | |
| Lugar de publicación, distribución, etc. | Colombia |
| Nombre del editor, distribuidor, etc. | ECOE |
| Fecha de publicación, distribución, etc. | 1993 |
| 300 ## - DESCRIPCIÓN FÍSICA | |
| Extensión | 363 páginas |
| 650 ## - Materia General | |
| Materia general | ADMINISTRACIÓN DE PERSONAL |
| 650 ## - Materia General | |
| Materia general | NATURALEZA DE LA ADMINISTRACIÓN |
| 650 ## - Materia General | |
| Materia general | PLANEACIÓN PERSONAL |
| 650 ## - Materia General | |
| Materia general | ORGANIZACIÓN DE PERSONAL |
| 650 ## - Materia General | |
| Materia general | COORDINACIÓN DE PERSONAL |
| 650 ## - Materia General | |
| Materia general | DIVISION DEL PERSONAL |
| 650 ## - Materia General | |
| Materia general | COORDINACIÓN DE PERSONAL |
| 650 ## - Materia General | |
| Materia general | DIAGNOSTICO ORGANIZACIONAL |
| 650 ## - Materia General | |
| Materia general | FUERZA LABORAL |
| 650 ## - Materia General | |
| Materia general | SELECCIÓN DE PERSONAL |
| 650 ## - Materia General | |
| Materia general | INTRUMENTOS DE SELECCIÓN |
| 650 ## - Materia General | |
| Materia general | RECLUTAMIENTO |
| 650 ## - Materia General | |
| Materia general | IMPORTANCIAA DE LA MOTIVACIÓN |
| 650 ## - Materia General | |
| Materia general | TEORIAS MOTIVACIONALES |
| 650 ## - Materia General | |
| Materia general | EVALUACIÓN DE DESEMPEÑO |
| 650 ## - Materia General | |
| Materia general | RECLAMOS |
| 650 ## - Materia General | |
| Materia general | JERARQUIA DE NECESIDADES |
| 650 ## - Materia General | |
| Materia general | FUNCIONES DE LOS SINDICATOS |
| 650 ## - Materia General | |
| Materia general | CLASES DE SINDICATOS |
| 650 ## - Materia General | |
| Materia general | GESTIÓN PARTICIPATIVA |
| 650 ## - Materia General | |
| Materia general | ENTRENAMIENTO Y SUS TIPOS |
| 650 ## - Materia General | |
| Materia general | LA REMUNERACIÓN Y SUS MODALIDADES |
| 650 ## - Materia General | |
| Materia general | PRESTACIONES SOCIALES |
| 650 ## - Materia General | |
| Materia general | BENEFICIOS LABORALES |
| 650 ## - Materia General | |
| Materia general | IMPORTANCIA DEL BIENESTAR LABORAL |
| 650 ## - Materia General | |
| Materia general | CONTROL DEL PERSONAL |
| 650 ## - Materia General | |
| Materia general | CONFLICTOS Y SUS CAUSAS |
| 942 ## - Punto de Acceso Adicional Koha | |
| Tipo de ítem Koha | Libro |
| Estado perdido | Fuente de clasificación o esquema de estantería | Estado dañado | No para préstamo | Biblioteca permanente | Biblioteca actual | Signatura completa | Código de barras | Precio efectivo a partir del | Programa Académico | Tipo de ítem |
|---|---|---|---|---|---|---|---|---|---|---|
| Dewey Decimal Classification | Departamento de Biblioteca y Documentación Alfonso Chase Brenes | Departamento de Biblioteca y Documentación Alfonso Chase Brenes | 658.3 C352a | 3592 | 22/08/2016 | Libro |